000 00337nam a22001457a 4500
008 210303b ||||| |||| 00| 0 eng d
020 _a9780321822482
041 _aeng
080 _a004
082 _a004
100 _a28
101 _aSHKI
245 _aThe official training workbook from Adobe Systems
_cPearson
942 _2udc
_cBK
999 _c55706
_d55706